1754 1506 1801 1932 1432 1755 1029 1208 1281 1518 1550 1748 1308 1718 1179 1602 1269 1271 1986 1080 1832 1500 1675 1579 1865 1344 1228 1637 1025 1959 1973 1139 1668 1313 1612 1071 1228 1305 1280 1860 1982 1560 1295 1747 1552 1526 1265 1767 1074 1587 1473 1130 1230 1605 1319 1656 1668 1510 1413 1283 1963 1489 1475 1161 1336 1236 1407 1512 1802 1148 1581 1421 1019 1211 1187 1397 1304 1377 1143 1328 1286 1289 1930 1330 1918 1852 1282 1748 1204 1734 1453 1541 1017 1536 1457 1640 1428 1437 1731 BCNSPRNW ULIB Ver.6.0+V

เปลี่ยนเป็นภาษาไทย

Change to English
 แสดงรายละเอียดบรรณานุกรม
  กลับหน้าหลัก

Brief Record : Get Marc (ISO 2709) : E-mail record : QR code < ปิดหน้าต่าง
LEADER : 00000nam 2200000uu 4500
001    13399126330
003     ULIB
008    180909s2560||||th 000 0 tha d
020    ^a9789990122947
040    ^abcn
060 04 ^aWY157^bก437
245 10 ^aการพยาบาลและการผดุงครรภ์ : สตรีที่มีภาวะแทรกซ้อน / ^cบรรณาธิการ,นันทพร แสนศิริพันธ์, ฉวี เบาทรวง
250    ^aพิมพ์ครั้งที่ 1.
260    ^aเชียงใหม่ :^bโครงการตำรา คณะพยาบาลศาสตร์ มหาวิทยาลัยเชียงใหม่,^c2560.
300    ^a372 หน้า :^bภาพประกอบ ;^c26 ซม.
504    ^aมีบรรณานุกรมและดรรชนี
505 0  ^aบทที่ 1 การพยาบาลสตรีที่มีภาวะตกเลือดในระยะตั้งครรภ์ -- บทที่ 2 การพยาบาลสตรีที่มีภาวะความดันโลหิตสูงขณะตั้งครรภ์ -- บทที่ 3 การพยาบาลสตรีที่มีภาวะแทรกซ้อนทางอายุรกรรม -- บทที่ 4 การพยาบาลสตรีที่มีภาวะถุงน้ำคร่ำแตกก่อนการเจ็บครรภ์และภาวะเจ็บครรภ์คลอดก่อนกำหนด -- บทที่ 5 การพยาบาลสตรีที่มีภาวะครรภ์แฝดน้ำ ภาวะน้ำคร่ำน้อยภาวะทารกเจริญเติบโตช้าในครรภ์และภาวะอาเจียนรุนแรง -- บทที่ 6 การพยาบาลสตรีมีครรภ์วัยรุ่นสตรีมีครรภ์สูงวัยสตรีมีครรภ์ไม่พึงประสงค์ สตรีมีครรภ์ที่ใช้สารเสพติด และสตรีมีครรภ์ที่ถูกกระทำรุนแรง -- บทที่ 7 การพยาบาลสตรีที่มีความผิดปกติของการคลอด -- บทที่ 8 การพยาบาลสตรีที่มีภาวะแทรกซ้อนฉุกเฉินทางสูติศาสตร์ -- บทที่ 9 การพยาบาลสตรีที่ได้รับการช่วยคลอดด้วยสูติศาสตร์หัตถการ -- บทที่ 10 การพยาบาลสตรีที่มีภาวะแทรกซ้อนในระยะหลังคลอด -- บทที่ 11 การพยาบาลสตรีที่มีความผิดปกติด้านจิตใจในระยะหลังคลอด -- บทที่ 12 การพยาบาลสตรีที่มีบุตรผิดปกติหรือเสียชีวิต
650  4 ^aการคลอด
650  4 ^aการพยาบาลสูติศาสตร์
650  4 ^aความเจ็บปวด
700 0  ^aนันทพร แสนศิริพันธ์,^eบรรณาธิการ
700 0  ^aฉวี เบาทรวง,^eบรรณาธิการ
710 2  ^aมหาวิทยาลัยเชียงใหม่. ^bคณะพยาบาลศาสตร์
945    ^p300^l0^i26568
945    ^p300^l0^i26569
999    ^aกัณชพร จุลอักษร
รายการนี้ยังไม่มีแท็ก
คุณยังไม่ได้ล็อกอิน คุณสามารถมีกิจกรรมร่วมกับเว็บไซต์ได้ แต่ต้องล็อกอินก่อน ::
  ล็อกอิน

รายการสื่อสารสนเทศ

ลำดับที่ ประเภท เลขเรียก/บาร์โค้ด สถานที่ สถานะ
1. หนังสือสำรอง
หนังสือสำรอง
WY157 ก437 ฉ.1 
  Barcode: 26568
ห้องสมุดวิทยาเขตนครสวรรค์
►หนังสือทั่วไป:l:General Books
บนชั้น
2. วิทยาศาสตร์การแพทย์ และสุขภาพ
วิทยาศาสตร์การแพทย์ และสุขภาพ
WY157 ก437 ฉ.2 
  Barcode: 26569
ห้องสมุดวิทยาเขตนครสวรรค์
►หนังสือทั่วไป:l:General Books
บนชั้น

รายการใกล้เคียง
    หัวเรื่อง [การคลอด]
    หัวเรื่อง [การพยาบาลสูติศาสตร์]
    หัวเรื่อง [ความเจ็บปวด]

BibComment


ยังไม่เคยถูกคอมเมนท์

คอมเมนท์ทรัพยากรรายการนี้
  คอมเมนท์: การพยาบาลและการผ..


 Copyright 2026. Bcnsprnw @Library